MARC

LEADER 00000nas a2200000 a 4500
001 ssj0000331078
003 WaSeSS
005 20200512172242.0
006 m d
007 cr n
008 100325c20109999enkbx pss 0 a0eng c
010 |a  2010233141 
015 |a GBB0A9874  |2 bnb 
016 7 |a 2538617-7  |2 DE-600 
016 7 |a 015106957  |2 Uk 
022 |a 2040-7157  |y 2040-7149 
035 |a (WaSeSS)ssj0000331078 
040 |a CS1  |b eng  |e pn  |c CS1  |d HEBIS  |d GUA  |d OCLCQ  |d BUF  |d UKMGB  |d OCLCQ  |d OCLCO  |d OCLCQ  |d OCLCF  |d BEDGE  |d OCLCO  |d OCLCQ  |d DLC  |d NLE  |d VT2  |d NTG  |d SFB  |d WaSeSS 
042 |a pcc 
050 0 0 |a HD6060 
245 0 0 |a Equality, diversity and inclusion  |h [electronic resource] :  |b an international journal. 
260 |a Bradford, England :  |b Emerald Group Pub.,  |c 2010- 
310 |a Eight issues a year 
362 1 |a Began with Vol. 29, issue 1 (2010). 
506 |a License restrictions may limit access. 
515 |a Some issues combined. 
588 |a Description based on: Vol. 29, issue 1 (2010); title from Emerald table of contents page (viewed Mar. 25, 2010). 
588 |a Latest issue consulted: Vol. 35, issue 7/8 (2016) (Emerald Insight website, viewed November 30, 2016). 
650 0 |a Women  |x Employment  |v Periodicals. 
650 0 |a Discrimination in employment  |v Periodicals. 
650 0 |a Sex discrimination  |v Periodicals. 
650 0 |a Race discrimination  |v Periodicals. 
650 0 |a Age discrimination  |v Periodicals. 
650 0 |a Equality  |v Periodicals. 
650 7 |a Publications périodiques.  |2 eclas 
650 7 |a Egalité des chances.  |2 eclas 
650 7 |a Age discrimination.  |2 fast  |0 (OCoLC)fst00800151 
650 7 |a Discrimination in employment.  |2 fast  |0 (OCoLC)fst00895050 
650 7 |a Equality.  |2 fast  |0 (OCoLC)fst00914456 
650 7 |a Race discrimination.  |2 fast  |0 (OCoLC)fst01086465 
650 7 |a Sex discrimination.  |2 fast  |0 (OCoLC)fst01114365 
650 7 |a Women  |x Employment.  |2 fast  |0 (OCoLC)fst01176715 
655 0 |a Electronic journals. 
776 0 8 |i Print version:  |t Equality, diversity and inclusion  |x 2040-7149  |w (OCoLC)588452722 
780 0 0 |t Equal opportunities international  |x 0261-0159  |w (DLC) 00252549  |w (OCoLC)45206912 
850 |a DLC 
856 4 0 |z Full text available from Research Library: 01/01/2010 to 1 year ago  |u https://search.proquest.com/publication/36568